Pedro I el Cruel (Record no. 145389)

MARC details
000 -LEADER
campo de control de longitud fija 00569nam a2200193 4500
001 - NÚMERO DE CONTROL
campo de control 145389
003 - IDENTIFICADOR DE NÚMERO DE CONTROL
campo de control ES-MaACL
005 - FECHA Y HORA DE LA ÚLTIMA TRANSACCIÓN
campo de control 20230906201224.0
007 - CAMPO FIJO DE DESCRIPCIÓN FÍSICA--INFORMACIÓN GENERAL
campo de control de longitud fija t|
008 - DATOS DE LONGITUD FIJA--INFORMACIÓN GENERAL
campo de control de longitud fija 070214s1980 sp r ||||1| spa d
100 1# - ENTRADA PRINCIPAL--NOMBRE DE PERSONA
Nombre de persona Soroa y Pineda, Manuel de.
9 (RLIN) 107415
245 10 - MENCIÓN DEL TÍTULO
Título Pedro I el Cruel
Resto del título : (una guerra civil en Castilla) /
Mención de responsabilidad, etc. Manuel de Soroa y Pineda.
260 ## - PUBLICACIÓN, DISTRIBUCIÓN, ETC.
Lugar de publicación, distribución, etc. Madrid :
Nombre del editor, distribuidor, etc. Espejo,
Fecha de publicación, distribución, etc. 1980.
300 ## - DESCRIPCIÓN FÍSICA
Extensión 518 p. ;
Dimensiones 19 cm.
490 1# - MENCIÓN DE SERIE
Mención de serie El Espejo ;
Designación de volumen o secuencia 25
830 0# - PUNTO DE ACCESO ADICIONAL DE SERIE-TÍTULO UNIFORME
Título uniforme El Espejo ;
Designación de volumen o secuencia 25
9 (RLIN) 232983
852 ## - LOCALIZACIÓN
Ubicación ES-MaACL
Número de control de estantería L-1150
Sublocalización o colección R.101963
Holdings
Estatus retirado Estado de pérdida Estado de daño No para préstamo Biblioteca de origen Biblioteca actual Ubicación en estantería Fecha de adquisición Fuente de adquisición Total de préstamos Signatura topográfica completa Código de barras Visto por última vez Precio de reemplazo Tipo de ítem Koha
        Biblioteca del Ateneo de Madrid Biblioteca del Ateneo de Madrid Depósito 2 17/01/2008     L-1150 1151762 23/02/2023 23/02/2023 Libro impreso